Catálogo métodico de las plantas leñosas silvestres y cultivadas observadas en la provincia de Manila / (Record no. 167444)

MARC details
000 -LEADER
campo de control de longitud fija 00738nam a22001815i 4500
001 - NÚMERO DE CONTROL
campo de control 167444
003 - IDENTIFICADOR DE NÚMERO DE CONTROL
campo de control ES-MaACL
005 - FECHA Y HORA DE LA ÚLTIMA TRANSACCIÓN
campo de control 20250911063602.0
008 - DATOS DE LONGITUD FIJA--INFORMACIÓN GENERAL
campo de control de longitud fija 960412s1880 sp |||| | spa d
040 ## - FUENTE DE CATALOGACIÓN
Centro catalogador/agencia de origen CLM
Lengua de catalogación spa
Centro/agencia transcriptor CLM
100 1# - ENTRADA PRINCIPAL--NOMBRE DE PERSONA
Nombre de persona Vidal y Soler, Sebastián,
Fechas asociadas al nombre 1842-1889
9 (RLIN) 114528
245 10 - MENCIÓN DEL TÍTULO
Título Catálogo métodico de las plantas leñosas silvestres y cultivadas observadas en la provincia de Manila /
Mención de responsabilidad, etc. por ... Sebastian Vidal y Soler.
260 ## - PUBLICACIÓN, DISTRIBUCIÓN, ETC.
Lugar de publicación, distribución, etc. Madrid :
Nombre del editor, distribuidor, etc. [s.n.],
Fecha de publicación, distribución, etc. 1880 (
Fabricante Imprenta de Moreno y Rojas)
300 ## - DESCRIPCIÓN FÍSICA
Extensión 48 p. ;
Dimensiones 24 cm.
650 #4 - PUNTO DE ACCESO ADICIONAL DE MATERIA--TÉRMINO DE MATERIA
Término de materia o nombre geográfico como elemento de entrada Leña-
Subdivisión geográfica Manila-
Subdivisión de forma Catálogos.
9 (RLIN) 136404
852 ## - LOCALIZACIÓN
Ubicación ES-MaACL
Número de control de estantería T-382-F-5
Nota libre -- Enc. hol., falto de la enc. original
-- -- Enc. en un vol. facticio
Holdings
Estatus retirado Estado de pérdida Estado de daño No para préstamo Colección Biblioteca de origen Biblioteca actual Ubicación en estantería Fecha de adquisición Total de préstamos Signatura topográfica completa Código de barras Visto por última vez Precio de reemplazo Tipo de ítem Koha
        Colección de folletos Biblioteca del Ateneo de Madrid Biblioteca del Ateneo de Madrid Depósito folletos 17/01/2008   T-382-F-5 1175656 23/02/2023 23/02/2023 Folleto